| 000 | 00389nam a2200145 a 4500 | ||
|---|---|---|---|
| 005 | 20140310183224.0 | ||
| 008 | 050512s19uu xx 00 eng d | ||
| 050 |
_aPS 3619 _b.B274 1981 |
||
| 100 | _aBarret, Martha B. | ||
| 245 |
_aMaggie's way/. _cMartha Barron Barrett |
||
| 260 |
_aNew York ; _bSignet Book, _c1981. |
||
| 300 |
_a313 p. : _c17 cm. |
||
| 942 |
_cBK _2lcc |
||
| 999 |
_c20376 _d20376 |
||